Регионална библиотека "Любен Каравелов" - Русе

Мълчанието на вдовицата (Запис номер 325016)

MARC детайли
000 -Лидер
Контролно поле с фиксирана дължина 00887nam a2200265 a 4500
003 - Код на организацията, давaща контролен номер
Контролно поле BLK
005 - Дата и час на последна редакция
Контролно поле 20250726101415.0
008 - Елементи от данни с фиксирана дължина
fixed length control field 181010b bu ||||| |||| 00| 0 bu d
020 ## - Международен стандартен номер на книга ISBN
Международен стандартен номер на книга ISBN 978-954-655-874-9
040 ## - Източник на каталожния запис
Идентификатор на билиотеката - собственик на записа BLK
041 ## - Код за език
Код за езика на текст/звукозапис или на отделно заглавие Български
Код за езика КДБФ Български
080 ## - УДК
Текстов определител УДК Английска литература
УДК код - определител по УДК 821.111
УДК - код + определител 821.111-31
УДК определител 821.111-31
100 ## - Редна дума - Автор
Авторска отговорност първи автор
Автор Багшоу, Тили
R(LIN) 1299
139 ## - Редно поле
Редна дума Багшоу, Тили
Авторски знак Баг - Б 13
245 ## - Сведения за заглавието
Заглавие Мълчанието на вдовицата
Редно поле (дума) по Сидни Шелдън; Тили Багшоу
260 ## - Област на издателските данни
Име на издателя, разпространителя и проч. Бард
Година на издаване 2018
Място на издаване, разпространение и проч. София
300 ## - Физическа характеристика
Страници 415 с.
380 ## - Жанр
Жанр Худож. лит.
500 ## - Общи забележки
Забележка Ориг. загл. Sidney Sheldon'sThe silent widow / Tilly Bagshawe.
999 ## - СИСТЕМНИ КОНТРОЛНИ НОМЕРА
Koha biblionumber 325016
Koha biblioitemnumber 325016
942 ## - АРТИКУЛИ
Вид на библиотечния материал Книги
Източник на класификационната схема Universal Decimal Classification
Скрит в OPAC Не
Koha issues (borrowed), all copies 136
Периодичен библиозапис Да
999 ## - СИСТЕМНИ КОНТРОЛНИ НОМЕРА
Koha biblioitemnumber 325016
999 ## - СИСТЕМНИ КОНТРОЛНИ НОМЕРА
Koha biblioitemnumber 325016
999 ## - СИСТЕМНИ КОНТРОЛНИ НОМЕРА
Koha biblioitemnumber 325016
944 ## - СЪЗДАВАНЕ И РЕДАКЦИЯ на ЗАПИСА
Служител, извършил регистрацията/редакцията 30575
Статус, дата на статуса Мартин Енчев
Наличности
Код за отписване Код за изгубен артикул Източник на класификационната схема Код за повреда Код за отдаване Артикулен № Име на библиотеката - собственик Име на библиотеката, в която се намира в момента Статус (Текущо местоположение) Дата на вписване в системата Местоположение - отдел Цена в лева Инвентарен номер Систематично азбучна сигнатура Баркод Цена в евро Служебен тип на артикула Коз за рестрикции
  Не е изгубен Universal Decimal Classification Не е повреден заемане за дома 680928 Регионална библиотека "Любен Каравелов" Русе Регионална библиотека "Любен Каравелов" Русе Заемна - подръчен фонд 2018-09-27 Заемна - подръчен фонд 12.74 120000824075 П 820-31/Б 13 120000824075 6.51 Книги  
  Не е изгубен Universal Decimal Classification Не е повреден заемане за дома 680929 Регионална библиотека "Любен Каравелов" Русе Регионална библиотека "Любен Каравелов" Русе Заемна - подръчен фонд 2018-09-27 Заемна - подръчен фонд 12.74 120000824076 П 821-31/Б 13 120000824076 6.51 Книги  
  Не е изгубен Universal Decimal Classification Не е повреден ползва се в читалня 746300 Регионална библиотека "Любен Каравелов" Русе Регионална библиотека "Любен Каравелов" Русе Хранилище 2019-09-24 Хранилище 16.99   Цб 296984 120000836561 8.69 Книги само за читалня
Vip Innovations Ltd, Rousse, Bulgaria 2025